X-band Multifunction Core Chip in GaN based MMIC Technology/ (Record no. 607435)

000 -LEADER
fixed length control field 00526nam a22001697a 4500
003 - CONTROL NUMBER IDENTIFIER
control field NUST
038 ## - RECORD CONTENT LICENSOR
Staff Name Nusrat Nadeem
082 ## - DEWEY DECIMAL CLASSIFICATION NUMBER
Classification number 200
100 ## - MAIN ENTRY--PERSONAL NAME
Personal name Anjum, Ali
245 ## - TITLE STATEMENT
Title X-band Multifunction Core Chip in GaN based MMIC Technology/
Statement of responsibility, etc. Ali Anjum
264 ## - PRODUCTION, PUBLICATION, DISTRIBUTION, MANUFACTURE, AND COPYRIGHT NOTICE
Place of production, publication, distribution, manufacture Islamabad,
Name of producer, publisher, distributor, manufacturer SEECS NUST
Date of production, publication, distribution, manufacture, or copyright notice 2023
300 ## - PHYSICAL DESCRIPTION
Extent ill:
Other physical details 113,p:
Dimensions 30,cm.
650 ## - SUBJECT ADDED ENTRY--TOPICAL TERM
Topical term or geographic name entry element MS-Electrical Engineering
700 ## - ADDED ENTRY--PERSONAL NAME
Personal name Supervisor :Dr. Hammad M.Cheema
856 ## - ELECTRONIC LOCATION AND ACCESS
Uniform Resource Identifier <a href="http://10.250.8.41:8080/xmlui/handle/123456789/38021">http://10.250.8.41:8080/xmlui/handle/123456789/38021</a>
942 ## - ADDED ENTRY ELEMENTS (KOHA)
Source of classification or shelving scheme
Koha item type Soft Copy
Holdings
Withdrawn status Permanent Location Current Location Shelving location Date acquired Full call number Barcode Koha item type
  Central Library (CL) Central Library (CL) Thesis 01/18/2024 200 CL-T-6883 Soft Copy
© 2023 Central Library, National University of Sciences and Technology. All Rights Reserved.